Компьютерный тренажер для оперативного технологического персонала производства по разделению изотопов урана центробежным методом; Известия Томского политехнического университета [Известия ТПУ]; Т. 307, № 1

Podrobná bibliografie
Parent link:Известия Томского политехнического университета [Известия ТПУ]/ Томский политехнический университет (ТПУ).— , 2000-
Т. 307, № 1.— 2004.— [С. 176-181]
Další autoři: Власов В. А. Виктор Алексеевич, Шубин А. Н., Филимонов С. В., Орлов А. А. Алексей Алексеевич, Колпаков Г. А., Голдобин Д. Н., Тимченко С. Н. Сергей Николаевич, Бабушкин С. Н.
Shrnutí:Заглавие с титульного листа
Электронная версия печатной публикации
Разработан компьютерный тренажер для повышения уровня подготовки оперативного персонала предприятий по разделению изотопов урана центробежным методом в условиях штатной работы оборудования и в аварийных ситуациях.
Jazyk:ruština
Vydáno: 2004
Edice:Технологии инженерного образования
Témata:
On-line přístup:http://www.lib.tpu.ru/fulltext/v/Bulletin_TPU/2004/v307/i1/37.pdf
Médium: MixedMaterials Elektronický zdroj Kapitola
KOHA link:https://koha.lib.tpu.ru/cgi-bin/koha/opac-detail.pl?biblionumber=168690

MARC

LEADER 00000nla2a2200000 4500
001 168690
005 20240116164041.0
035 |a (RuTPU)RU\TPU\book\183008 
035 |a RU\TPU\book\183005 
090 |a 168690 
100 |a 20091030d2004 k y0rusy50 ca 
101 0 |a rus 
102 |a RU 
135 |a drnn ---uucaa 
181 0 |a i  
182 0 |a b 
200 1 |a Компьютерный тренажер для оперативного технологического персонала производства по разделению изотопов урана центробежным методом  |f В. А. Власов [и др.] 
203 |a Текст  |c электронный 
215 |a 1 файл (1.3 Мб) 
225 1 |a Технологии инженерного образования 
300 |a Заглавие с титульного листа 
300 |a Электронная версия печатной публикации 
320 |a [Библиогр.: с. 181 (3 назв.)] 
330 |a Разработан компьютерный тренажер для повышения уровня подготовки оперативного персонала предприятий по разделению изотопов урана центробежным методом в условиях штатной работы оборудования и в аварийных ситуациях. 
337 |a Adobe Reader 
461 1 |0 (RuTPU)RU\TPU\book\176237  |t Известия Томского политехнического университета [Известия ТПУ]  |f Томский политехнический университет (ТПУ)  |d 2000- 
463 1 |0 (RuTPU)RU\TPU\book\182748  |t Т. 307, № 1  |v [С. 176-181]  |d 2004  |p 203 с. 
610 1 |a компьютерные тренажеры 
610 1 |a оперативный персонал 
610 1 |a технологический персонал 
610 1 |a производство 
610 1 |a разделение 
610 1 |a изотопы урана 
610 1 |a центробежный метод 
610 1 |a уровни подготовки 
610 1 |a предприятия 
610 1 |a штатная работа 
610 1 |a оборудование 
610 1 |a аварийные ситуации 
610 1 |a труды учёных ТПУ 
610 1 |a электронный ресурс 
701 1 |a Власов  |b В. А.  |c российский ученый в области физики и химии плазмы, молекулярной физики  |c профессор Томского политехнического университета  |f 1958-  |g Виктор Алексеевич  |3 (RuTPU)RU\TPU\pers\26576  |4 070 
701 1 |a Шубин  |b А. Н.  |4 070 
701 1 |a Филимонов  |b С. В.  |4 070 
701 1 |a Орлов  |b А. А.  |c физик  |c профессор Томского политехнического университета, доктор технических наук  |f 1962-  |g Алексей Алексеевич  |3 (RuTPU)RU\TPU\pers\25498  |4 070  |9 11434 
701 1 |a Колпаков  |b Г. А.  |4 070 
701 1 |a Голдобин  |b Д. Н.  |4 070 
701 1 |a Тимченко  |b С. Н.  |c физик  |c доцент Томского политехнического университета, кандидат технических наук  |f 1980-  |g Сергей Николаевич  |3 (RuTPU)RU\TPU\pers\25835  |4 070  |9 11708 
701 1 |a Бабушкин  |b С. Н.  |4 070 
801 1 |a RU  |b 63413507  |c 20090623  |g PSBO 
801 2 |a RU  |b 63413507  |c 20210601  |g PSBO 
856 4 |u http://www.lib.tpu.ru/fulltext/v/Bulletin_TPU/2004/v307/i1/37.pdf 
942 |c CF